|
|
|
|
| LEADER |
00000nam a22000007a 4500 |
| 005 |
20130502150123.0 |
| 007 |
cr|||| |||| |
| 008 |
130502e2010 mx |||||s|||| 00||0 spa d |
| 020 |
|
|
|a 978-368-726-543-6
|
| 035 |
|
|
|a 11017
|
| 040 |
|
|
|a vLex
|
| 090 |
|
|
|c 4242
|d 4242
|
| 100 |
1 |
0 |
|a Domn̕guez Orozco, Jaime
|
| 245 |
1 |
0 |
|a Sociedades y Asociaciones Civiles 2010
|c / Jaime Domn̕guez Orozco, Cuauhtm̌oc Resňdiz Nn︢ez
|h [Recurso electrn̤ico]
|
| 256 |
|
|
|a Servicio en ln̕ea
|
| 260 |
|
|
|a Mx̌ico D.F. :
|b Ediciones Fiscales ISEF,
|c 2010
|
| 300 |
|
|
|a 1 Recurso electrn̤ico
|
| 700 |
1 |
0 |
|a Resňdiz Nn︢ez, Cuauhtm̌oc
|
| 740 |
|
|
|a vLex Libros (Servicio en ln̕ea)
|
| 856 |
|
|
|a Acceso restringido
|u http://www.vlex.com/source/11017
|
| 942 |
|
|
|c BOOK
|
| 999 |
|
0 |
|a Civil law
|